Statystyki dla Wszystkie karty w gangu gullita FIFA 21

Kliknij tutaj aby rozwiązać quiz!

Ogólne statystyki

  • Ten quiz został rozwiązany 726 razy
  • Średni wynik to 99 z 137

Statystyki odpowiedzi

NarodowośćKlubPozycjaTyp KartyOcenaOdpowiedź% Poprawnych
WłochyPSGŚPPath to Glory98Verratti
99%
ChorwacjaReal MadrytŚPFUT Birthday92Modric
97%
ChorwacjaReal MadrytŚPSummer Stars97Modric
97%
HiszpaniaReal MadrytŚOEnd of Era98Ramos
97%
HiszpaniaReal MadrytPOEnd of Era96Ramos
97%
BelgiaManchester CityPNSummer Stars98De Bruyne
96%
BelgiaManchester CityŚPTOTS96De Bruyne
96%
HolandiaFeyernoordŚPDWhat If87Fer
96%
ArgentynaSevillaŚPPath to Glory98Acuna
94%
HiszpaniaBarcelonaLOSummer Stars97Alba
94%
PortugaliaManchester UnitedŚPOTOTY97Fernandes
94%
NiemcyBayern MonachiumPPSummer Stars97Kimmich
94%
NiemcyBayern MonachiumŚPDTOTY96Kimmich
94%
NiemcyBayern MonachiumŚPDTOTS96Kimmich
94%
ArgentynaPSGPOPath to Glory96Paredes
89%
FrancjaManchester UnitedŚPPath to Glory95Pogba
89%
HolandiaIconŚNOptimus Prime94Gullit
88%
HolandiaIconŚPMid90Gullit
88%
HolandiaIconŚNPrime93Gullit
88%
HiszpaniaAtletico MadrytPPInform86Llorente
88%
HiszpaniaAtletico MadPOPath to Glory96Llorente
88%
HiszpaniaAtletico MadrytŚPTOTS89Llorente
88%
NiemcyBayern MonachiumŚPDTOTS95Goretzka
87%
NiemcyBayern MonachiumŚPInform87Goretzka
87%
NiemcyBayern MonachiumŚPHeadliners89Goretzka
87%
AngliaLiverpoolPOTOTY94Alexander-Arnold
84%
HolandiaBarcelonaŚPTOTS94De Jong
84%
WłochyChelseaŚPShowDown96Jorginho
84%
HolandiaLiverpoolŚPPath to Glory95Wijnaldum
84%
HolandiaLiverpoolŚPRTTF UCL89Wijnaldum
84%
KolumbiaJuventusPOFutties95Cuadrado
83%
KolumbiaJuventusPOTOTS91Cuadrado
83%
KanadaBayern MonachiumLOTOTS91Davies
82%
KanadaBayern MonachiumLOTOTY93Davies
82%
PolskaBorussia DortmundPOEnd Of Era93Piszczek
82%
WłochyAC MilanŚPDPlayer Moments Objectives87Tonali
82%
WłochyAC MilanŚPDFutties96Tonali
82%
AustriaBayern MonachiumŚOTOTS92Alaba
80%
BrazyliaIconLOPrime91Carlos
80%
BrazyliaIconLOOptimus Prime92Carlos
80%
MarokoPSGPPFutties94Hakimi
80%
WksAC MilanŚPRTTF UEL86Kessie
80%
WksAC MilanŚPDTOTS93Kessie
80%
BrazyliaManchester UnitedLOFutties94Telles
80%
BelgiaBorussia DortmundŚPDFutties95Witsel
80%
AlgieriaNiceaPPFutties91Atal
79%
AlgieriaNiceaŚPFutties94Atal
79%
AlgieriaNiceaPPFUT Birthday87Atal
79%
HiszpaniaAtletico MadŚPFutties95Koke
79%
WłochySassuoloŚPSummer Stars95Locatelli
79%
AngliaLeeds UnitedŚPSummer Stars94Phillips
79%
ArgentynaIconCLSOptimus Prime93Zanetti
79%
NiemcyBorussia DortmundŚPDFUT Birthday88Can
78%
NiemcyIconŚPOptimus Prime94Matthaus
78%
NiemcyIconŚPPrime93Matthaus
78%
UrugwajReal MadrytSPTOTS92Valverde
78%
FrancjaIconŚPOptimus Prime92Vieira
78%
FrancjaIconŚPPrime91Vieira
78%
FrancjaAC MilanLOTOTS92Hernandez
77%
HiszpaniaBayern MonachiumŚPDEnd Of Era94Martinez
77%
ChorwacjaSevillaŚPFlashback93Rakitic
77%
AngliaRangersPOTOTS90Tavernier
77%
AngliaRangersPOHeadliners87Tavernier
77%
AngliaRangersPOFuttiesFutties93Tavernier
77%
NiemcyIconŚPPrime91Ballack
76%
NiemcyIconŚPOOptimus Prime92Ballack
76%
PortugaliaManchester CityPOTOTS91Cancelo
76%
DaniaBorussia DortmundŚPDInform86Delaney
76%
DaniaBorussia DortmundŚPDNational Hero94Delaney
76%
GhanaIconŚPDOptimus Prime91Essien
76%
NiemcyAtalantaLPNational Hero93Gosens
76%
NiemcyMan CityŚPTOTS92Gundogan
76%
AngliaWest Ham UnitedŚPDShowDown94Rice
76%
AngliaLiverpoolŚPFutties94Jones
75%
AngliaLiverpoolŚPFuture Stars88Jones
75%
FrancjaSpursŚPFutties94Sissoko
75%
CzechyWest Ham UnitedSPDTOTS91Soucek
75%
BrazyliaEvertonŚPFutties94Allan
74%
AustriaRB LiepzigŚPDTOTS92Sabitzer
74%
HiszpaniaChelseaLPShowDown91Alonso
73%
BelgiaBorussia DortmundPOFutties93Meunier
73%
HiszpaniaReal MadrytPSTOTS92Vazquez
73%
BrazyliaJuventusŚPNational Hero93Arthur
72%
HiszpaniaAs MonacoŚPFutties93Fabregas
72%
FrancjaSpursŚPOTOTS90Ndombele
72%
WłochyIconPOOptimus Prime90Zambrotta
72%
FrancjaStade RennaisŚPFuture Stars91Camavinga
71%
SzwajcariaBorussia MönchengladbachŚPDPath to Glory91Zakaria
71%
WłochyInter MediolanŚPTOTS92Barella
70%
HiszpaniaReal MadrytLPFutties95Carvajal
70%
RosjaAs MonacoPPPath to Glory90Golovin
70%
FrancjaOlimpique MarsyliaLOFutties94Amavi
69%
AngliaBorussia DortmundŚPTOTS Moments91Bellingham
69%
BrazyliaOlimpique LyonŚPOSummer Stars94Paqueta
69%
UrugwajCagliariŚPPath to Glory90Nandez
68%
BrazyliaTrabzonsporPOFutties96Peres
68%
FrancjaOlimpique LyonŚPTOTS93Aouar
67%
FrancjaInter MiamiŚPDTOTS91Matuidi
67%
BelgiaLeicester CityŚPTOTS90Tielemans
67%
ChileInter MediolanŚPFUT Birthday89Vidal
67%
FrancjaLilleŚPDTOTS92Andre
66%
BrazyliaPSGŚPDFutties95Marquinhos
66%
UsaJuventusŚPNational Hero92McKennie
66%
BrazyliaGuangzhouŚPFUT Birthday90Paulinho
66%
HiszpaniaPSGŚPKarnet91Herrera
65%
ArgentynaAl ShababŚPDTOTS91Banega
63%
FrancjaBayern MonachiumŚPShowDown88Tolisso
63%
PortugaliaLilleŚPFUT Birthday87Sanches
62%
WłochyAs RomaŚPDPath to Glory95Florenzi
60%
ArgentynaKaragümrük SKŚPDTOTS91Biglia
59%
Republika Środkowo-AfrykańskaAtletico MadrytŚPFUT Birthday88Kondogbia
59%
PortugaliaSportingŚNTOTS92Goncalves
58%
BelgiaCagliariŚPOFlashback93Nainggolan
58%
FrancjaRc LensCPSTOTS90Clauss
57%
DaniaValenciaŚPWhat If88Wass
57%
PortugaliaReal BetisŚPDTOTS Moments89Carvalho
56%
FrancjaJuventusŚPPlayer Moments SBC88Rabiot
56%
HolandiaAtalantaPPNational Hero92Hateboer
55%
BelgiaShandong LunengŚPTOTS91Fellaini
51%
FrancjaMontpellierPOFUT Birthday86Sambia
50%
FrancjaHertha BerlinŚPDWhat If89Guendouzi
49%
AustriaBorussia MönchengladbachCPSTOTS Moments90Lazaro
49%
SłowacjaIFK GöteborgŚPKarnet89Hamsik
48%
HolandiaAZ AlkmaarŚPDTOTS91Koopmeiners
48%
NiemcyBorussia MönchengladbachŚPFuture Stars88Neuhaus
48%
AngliaWatfordŚPDTOTS88Hughes
45%
HolandiaAjax AmsterdamŚPOTOTS87Klaasen
40%
FrancjaNiceaŚPWhat If88Lees-Melou
40%
HolandiaVitesseŚOTOTS86Bazoer
38%
PortugaliaFC PortoŚPTOTS89Oliveira
38%
ArgentynaFenerbahceŚPTOTS90Sosa
37%
SzkocjaCeltic GlasgowŚPDNational Hero90McGregor
36%
SerbiaValenciaŚPTOTS Moments89Racic
35%
MarokoSivassporŚPTOTS87Fajr
31%
BrazyliaAl NassrŚPDTOTS89Petros
22%
BrazyliaShandong LunengŚPDTOTS89Moises
19%
ParagwajOlimpiaŚPDTOTGS CONMEBOL88Ortiz
14%

Rozkład punktacji

Percentyl według liczby udzielonych odpowiedzi

Procent ludzi z każdym wynikiem

Twoja historia wyników

Nie rozwiązałeś tego quizu